00876naa#a2200181#i#4500001001600000005001700016011001400033100004100047102000700088200025300095210011900348215001000467608004500477675004800522700005200570700004800622856002400670RU\\bibl\12192220260514210700.4##a2658-638X##a20260319b2026####ek#y0rusy0150####ca##aRU1#aИСТОРИКО-МЕТОДОЛОГИЧЕСКИЙ АНАЛИЗ ДИНАМИЧЕСКОГО ПОДХОДА К ИЗУЧЕНИЮ Я-КОНЦЕПЦИИ СОТРУДНИКОВ ОРГАНОВ ВНУТРЕННИХ ДЕЛeЖурнальная статья1#aМоскваcМосковский университет МВД России имени В.Я. Кикотяd2026##a4 с.##aЖурнальная статья2local##aФилософия. Психология. 1#1aАгаповgВалерий Сергеевич#1aРодноваgЮлия Сергеевна4#amosumvd.editorum.ru